Normal view
MARC view
Entry Personal Name
001 - CONTROL NUMBER
- control field: 5926
003 - CONTROL NUMBER IDENTIFIER
- control field: OSt
005 - DATE AND TIME OF LATEST TRANSACTION
- control field: 20120106154941.0
008 - FIXED-LENGTH DATA ELEMENTS
- fixed length control field: 120106|||a|||||| | ||| d
040 ## - CATALOGING SOURCE
- Original cataloging agency: OSt
- Transcribing agency: OSt
100 ## - HEADING--PERSONAL NAME
- Personal name: Jenks, C. Wilfred
- Fuller form of name: (Clarence Wilfred),
- Dates associated with a name: 1909-1973.
670 ## - SOURCE DATA FOUND
- Source citation: Work cat.: (OSt)0: Jenks, C. Wilfred (Clarence Wilfred), 1909-1973., Human rights and international labour standards., [1960]
